000 00408nam a2200157Ia 4500
008 240729s9999 xx 000 0 und d
022 _a1687-8485
245 0 _aInternational Journal of Zoology
260 _aUnited Kingdom
260 _bHindawi Limited
650 _a Zoology
650 _aScience
856 _uhttps://doaj.org/toc/4e2f9e8b8a9d436cbbe918106f398f58
942 _2ddc
942 _cDOAJEJ
999 _c71436
_d71436
945 _a1
_bMadushi Gamage
_c1
_dMadushi Gamage